00422nam a2200169 a 450000100060000000300090000600800410001502000150005604000280007108200150009910000200011424500250013426000290015930000100018849000320019865000220023019661CO-ViMGA141112s2004 ck r 000 u spa d a8475223532 aCO-ViMGAbspacCO-ViMGA04a861.6 A5131 aAlberti, Rafael10aAntología personal aMadrid : bVisor, c1999 a72 p. aColección Visor de Poesia14aPOESIA ESPAÑOLA